000 00297nam a2200121Ia 4500
005 20251222144756.0
008 251222s9999||||xx |||||||||||||| ||spa||
082 _a848.9/C45P
100 _aCesbron, Gilbert
245 0 _aPerros perdidos sin collar
264 _bCĂ­rculo de Lectores
942 _cLIB
999 _c19537
_d19537